[Event "Tehran Universities-ch (Women)"]
[Site "Tehran"]
[Date "2020.11.30"]
[Round "2"]
[White "Toyserkani, Zahra"]
[Black "Hamedi Nia, Vesal"]
[Result "0-1"]
[WhiteElo "1176"]
[BlackElo "1837"]
[PlyCount "90"]
[EventDate "2020.11.30"]
[EventType "swiss (rapid)"]
[EventRounds "7"]
[EventCountry "IRI"]
[SourceTitle "CBM 199 Extra"]
[Source "ChessBase"]
[SourceDate "2021.01.31"]
[SourceVersion "1"]
[SourceVersionDate "2021.01.31"]
[SourceQuality "1"]

1. d4 d5 2. c4 e6 3. Nf3 Nf6 4. Nc3 Be7 5. Bf4 0-0 6. e3 a5 7. cxd5 exd5 8. Bd3 c6 9. 0-0 Bg4 10. Rc1 Na6 11. a3 Nc7 12. Be2 Ne6 13. Bg3 Re8 14. Ne5 Bxe2 15. Nxe2 Ne4 16. Qc2 Bd6 17. f3 Nxg3 18. Nxg3 Bxe5 19. dxe5 Qb6 20. Rfe1 a4 21. Kh1 Ra5 22. Qd2 Rb5 23. Re2 Nc5 24. Rb1 Rxe5 25. Qd4 f6 26. f4 Re8 27. Nf5 Ne4 28. Qxb6 Rxb6 29. Nd4 Nc3 30. Rbe1 Nxe2 31. Rxe2 c5 32. Nf3 Rb3 33. Rc2 Rbxe3 34. Rxc5 Re1+ 35. Ng1 d4 36. Rd5 Rd1 37. h3 Ree1 38. Rd8+ Kf7 39. Rd7+ Ke8 40. Rxg7 Rxg1+ 41. Kh2 d3 42. Rg3 d2 43. Rd3 Rge1 44. Kg3 Re2 45. Kf3 Rde1 0-1